Hinduism in Public and Private: Reform, Hindutva, Gender and Sampraday (Record no. 23103)

MARC details
000 -LEADER
fixed length control field 00385nam a22001337a 4500
020 ## - INTERNATIONAL STANDARD BOOK NUMBER
ISBN 9780198062820
082 ## - DEWEY DECIMAL CLASSIFICATION NUMBER
Classification number 322.108 COP
100 ## - MAIN ENTRY--AUTHOR NAME
Author name Copley, Antony
245 ## - TITLE STATEMENT
Title Hinduism in Public and Private: Reform, Hindutva, Gender and Sampraday
260 ## - PUBLICATION, DISTRIBUTION, ETC. (IMPRINT)
Place of publication New Delhi
Name of publisher Oxford University Press
Year of publication 2003
300 ## - PHYSICAL DESCRIPTION
Number of Pages 303
650 ## - SUBJECT ADDED ENTRY--TOPICAL TERM
Topical Term Relation of the State to Organized Groups
942 ## - ADDED ENTRY ELEMENTS (KOHA)
Koha item type Books
Holdings
Collection code Home library Current library Shelving location Date acquired Source of acquisition Cost, normal purchase price Full call number Accession Number Koha item type
Non-fiction Henry Martyn Institute Library Henry Martyn Institute Library General stacks 09/15/2020 Dasgupta Publishers, Kolkata 325.00 322.108 COP 25792 Books
                   Copyright © 2026 | Henry Martyn Institute | Hyderabad | TS-500052 | INDIA | Implemented by hmi.edu.in
Hit-Count:

Powered by Koha